Państwa które graniczy z.... #3 - Statystyki

Ogólne statystyki
  • Ten quiz został rozwiązany 47 razy
  • Średni wynik to 5 z 6
Statystyki odpowiedzi
Państwa Graniczące odpowiedź % Poprawnych
Chiny, Rosja , Korea Południowa Korea Północna
93%
Szwajcaria ,Austria Liechtenstein
89%
Rpa Lesotho
82%
Brunei, Singapur, Indonezja ,Tajlandia Malezja
80%
RPA, Mozambik Eswatini| Swaziland
75%
Polska , Łotwa ,Białoruś ,Rosja Litwa
70%
Nie znaleziono quizów pasujących do podanych kryteriów
Rozkład punktacji
Procent ludzi z każdym wynikiem
Percentyl według liczby udzielonych odpowiedzi
Twoja historia wyników
Nie rozwiązałeś tego quizu